000 00643cam a2200193 4500
001 45502
090 _a45502
100 _a19930515d1947 km y0pory50030103ba
101 0 _apor
102 _aPT
200 1 _aIntroducão ao estudo da Economia portuguesa
_efins do séc. XVIII a principios do séc. XX
_fArmando Castro
210 9 _aLisboa
_cEdições Cosmo
_d1947
215 _a269, [3] p.
_d20 cm
225 2 _aBiblioteca Cosmos
_h4.ª secção
_iPovos e civilizacões. História de Portugal
_v130-131
317 _aBiblioteca João Evangelista Campos Lima
675 _a33(469)
700 1 _aCastro,
_bArmando,
_f1918-1999
801 0 _aPT
_bBN
_gRPC
990 _cLIVROS